Vplyv podmienok predúpravy fermentačnej pôdy na následnú filtráciu

Uložené v:
Podrobná bibliografia
Hlavný autor: Witosová, Jana (Autor)
Ďalší autori: Illeová, Viera (Vedúci práce)
Médium: Rukopis Kniha
Jazyk:Slovak
Vydavateľské údaje: 2017
Predmet:
On-line prístup:http://is.stuba.sk/zp/portal_zp.pl?podrobnosti=128487
Tagy: Pridať tag
Žiadne tagy, Buďte prvý, kto otaguje tento záznam!

MARC

LEADER 00000ntm a22000003a 4500
001 stuzp64828
003 SK-STU
005 20170610211300.1
007 ta
008 150427s2015----xo-----f-mn---000-0-slo-d
040 |a STU  |b slo 
041 0 |a slo 
100 1 |a Witosová, Jana  |u 046000  |4 aut  |U FCHPT Fakulta chemickej a potravinárskej technológie  |T FCHPT Ústav chemického a environmentálneho inžinierstva  |X 61081  |U C6000  |Y 104  |7 61081 
242 0 1 |a Impact of fermentation broth pretreatment conditions on the following filtration  |y eng 
245 1 0 |a Vplyv podmienok predúpravy fermentačnej pôdy na následnú filtráciu 
260 |c 2017 
650 4 |a aminokyseliny  |2 slo 
650 4 |a inaktivácia mikroorganizmov  |2 slo 
650 4 |a teplota  |2 slo 
650 4 |a hodnota pH  |2 slo 
650 4 |a čas inaktivácie  |2 slo 
650 4 |a koncentrácia produktu  |2 slo 
650 4 |a koncentrácia proteínov  |2 slo 
650 4 |a Amino acids  |2 eng 
650 4 |a Inactivation of microorganisms  |2 eng 
650 4 |a temperature  |2 eng 
650 4 |a pH value  |2 eng 
650 4 |a time of inactivation  |2 eng 
650 4 |a product concentration  |2 eng 
650 4 |a proteins concentration  |2 eng 
700 1 |a Illeová, Viera  |u 046230  |k Z2  |4 ths  |U FCHPT Ústav chemického a environmentálneho inžinierstva  |T FCHPT Oddelenie chemického a biochemického inžinierstva  |X 3981  |U C6230  |Y 119  |7 A000003981 
856 4 |u http://is.stuba.sk/zp/portal_zp.pl?podrobnosti=128487